000 00508nmm a2200169Ia 4500
008 251105s9999||||xx |||||||||||||||||und||
020 _a9788471518835
041 _aspa
100 _aService Biblique Evangile et Vie  
245 0 _aItinerario por el Antiguo Testamento
264 _a[Madrid, España] :
_bEditorial Verbo Divino,
_c2013
300 _a200 páginas
490 _aEl mundo de la Biblia
650 _aReligion(s)
856 _uhttps://public.digitaliapublishing.com/a/51090
942 _cCF
999 _c84851
_d84851